000 00496nam a2200181Ia 4500
005 20250326124140.0
008 250326s9999 xx 000 0 und d
037 _aTextbook
040 _aFMSL
_beng
_cFMSL
041 _aeng
_2eng
084 _aX:5:Z2 L81
_qFMSL
100 _aSen A K
245 0 _aCommercial law and industrial law
_cSen A K; Metra J K
260 _aCalcutta
_bCalcutta, World
_c1978
300 _a200p
942 _cTB
_hX:5:Z2 L81
999 _c1272486
_d1272486